Estatísticas para Quiz dos Estados Unidos

Clique aqui para jogar o quiz

Estatísticas Gerais

  • Esse quiz foi jogado 9 629 vezes
  • A pontuação média é 14 de 24

Estatísticas das Respostas

DicaResposta% Correto
Países fazendo fronteira
com os EUA
Canadá
99%
Países fazendo fronteira
com os EUA
México
98%
CapitalWashington D.C.
97%
Primeiro presidenteGeorge Washington
96%
Moeda oficialDólar
91%
As quatro maiores cidades
por população
Nova Iorque
91%
Nº de Estados50
85%
Animal nacionalÁguia-de-cabeça-branca
83%
As quatro maiores cidades
por população
Los Angeles
74%
Estado localizado apenas
em ilhas
Havaí
72%
Partidos políticos principaisDemocrata
71%
Partidos políticos principaisRepublicano
70%
Primeira pessoa a pisar
na lua
Neil Armstrong
64%
Maior estado por áreaAlasca
59%
Atleta Olímpio com o
maior número de
medalhas de Ouro
Michael Phelps
50%
As quatro maiores cidades
por população
Chicago
49%
A guerra que matou
o maior número de
Americanos
Guerra Civil Americana
46%
Rio mais longoMississippi | Missouri
42%
Menor estado por áreaIlha de Rodes
34%
As quatro maiores cidades
por população
Houston
29%
Principal autor da
Declaração de
Independência
Thomas Jefferson
18%
Localização onde a
temperatura mais
alta foi registrada
Vale da Morte
12%
O maior lago que toca os
EUA
Lago Superior
10%
Montanha mais altaDenali
9%

Distribuição das Pontuações

Percentil de Números Respondidos

Porcentagem de Pessoas com Cada Pontuação

Sua Pontuação Histórica

Você não jogou esse quiz